LIBRARY & INFORMATION CENTRE, KCAET, TAVANUR

ONLINE PUBLIC ACCESS CATALOGUE (OPAC)

Technical co-operation in Latin-American agriculture / (Record no. 11417)

MARC details
000 -LEADER
fixed length control field 00430cam a2200157ua 4500
041 ## - LANGUAGE CODE
Language code of text/sound track or separate title eng
082 ## - DEWEY DECIMAL CLASSIFICATION NUMBER
Classification number 334.01
Item number MOS/TE
100 ## - MAIN ENTRY--AUTHOR NAME
Personal name Mosher, Arthur T .
245 ## - TITLE STATEMENT
Title Technical co-operation in Latin-American agriculture /
250 ## - EDITION STATEMENT
Edition statement 1 /
260 ## - PUBLICATION, DISTRIBUTION, ETC. (IMPRINT)
Place of publication Chicago :
Name of publisher University of Chicago Press ,
Year of publication 1957.
300 ## - PHYSICAL DESCRIPTION
Number of Pages 449 ; .
942 ## - ADDED ENTRY ELEMENTS (KOHA)
Koha item type Books
Holdings
Withdrawn status Lost status Damaged status Home library Current library Date acquired Full call number Accession Number Koha item type
Withdrawn     KAUAET Sanskrit University 07/04/2012 334.01 652 Books
free website counter